• 首页
  • 本馆介绍
  • 公告通知
  • 最新文献
  • 馆藏检索
  • 电子资源
  • 读者导购
  • 参考咨询
  • 我的图书馆
  • 登录
  • 详细信息显示
  • 放入我的书架
  • 预约/预借图书
  • 作者相关作品
  • 分类相关作品
  • 丛书相关作品
  • 出版社相关作品

书目信息

  • 表格格式
  • 工作单格式
  • 卡片格式
题名:
人生的价值在哪里?
    
 
作者: 张植信 著
分册:  
出版信息: 沈阳   辽宁人民出版社  1986
页数: 270页
开本: 19cm
丛书名: 人生课题丛书
单 册:
中图分类: D432.62
科图分类:
主题词: 青年工作--思想政治教育--中国
电子资源:
ISBN:
000 00703nam2 2200253 45
001 0186019542
005 20041213094202.2
010    @dCNY1.60
091    @a3090.768
100    @a19931103d1986 em y0chiy0121 ea
101 0  @achi
102    @aCN@b210000
105    @ay z 000yy
200 10 @a人生的价值在哪里?@ARen Sheng De Jia Zhi Zai Na Li?@f张植信著@FZhang Zhi Xin Zhu
210    @a沈阳@c辽宁人民出版社@d1986
215    @a270页@d19cm
225 2  @a人生课题丛书
410  0 @120010@a人生课题丛书
606 0  @a青年工作@x思想政治教育@x中国
690    @aD432.62@v3
701  0 @a张植信@4著
801  0 @aCN@b深圳图书馆@c20040420
801  2 @aCN@bNLC@c20040420
905    @dD432.62@e101@f1@b171619
    
    人生的价值在哪里?/张植信著.-沈阳:辽宁人民出版社,1986
    270页;19cm.-(人生课题丛书)
    
    
    ISBN :CNY1.60
    
●
相关链接 在E读中查询图书 在五车中查询图书 在当当中查询图书 在豆瓣中查询图书


正题名:人生的价值在哪里?     索取号:D432.62/101         预约/预借

序号 登录号 条形码 馆藏地/架位号 状态 备注
1 0171619   000480688   密集书库/ [索取号:D432.62/101] 在馆    
2 0171620   000480679   密集书库/ [索取号:D432.62/101] 在馆    
3 0171621   000480697   第一样本阅览室/ [索取号:D432.62/101] 在馆    
唐山师范学院图书馆 欢迎您!
大连网信软件有限公司© 版权所有